000
00302nam a22001097a 4500
008
160624b xxu||||| |||| 00| 0 eng d
100
_9
940
_a
Cameron, E
245
_a
The Court of the Stone Children
260
_a
N.Y
_b
E.P.Dutton &Co.
_c
1973
300
_a
The Court of the Stone Children
942
_2
ddc
_c
BK
999
_c
748
_d
748